[Event "Minsk Zepter op"]
[Site "Minsk"]
[Date "1998.04.26"]
[Round "2"]
[White "Drogoon, A."]
[Black "Fominyh, Alexander"]
[Result "0-1"]
[WhiteElo "2360"]
[BlackElo "2530"]
[PlyCount "88"]
[EventDate "1998.04.25"]
[EventType "swiss"]
[EventRounds "9"]
[EventCountry "BLR"]
[SourceTitle "CBM 064 Extra"]
[Source "ChessBase"]
[SourceDate "1998.07.07"]
[SourceVersion "1"]
[SourceVersionDate "1998.07.07"]
[SourceQuality "1"]

1. Nf3 d5 2. c4 dxc4 3. Na3 c5 4. Nxc4 Nc6 5. Nce5 Nxe5 6. Nxe5 Nf6 7. e3 a6 8. b3 e6 9. Bb2 Be7 10. Be2 0-0 11. 0-0 Nd7 12. Bf3 Ra7 13. Nxd7 Qxd7 14. d4 b6 15. Rc1 a5 16. Qc2 a4 17. Rfd1 Qb5 18. Be4 h6 19. Bh7+ Kh8 20. Bd3 Qe8 21. dxc5 bxc5 22. Qe2 a3 23. Ba1 f5 24. Be5 Qg6 25. f3 Rd7 26. Ba6 Rd5 27. Bc3 Bf6 28. Bxc8 Bxc3 29. Qa6 Bd2 30. Kf1 Rdd8 31. Rxc5 Bxe3 32. Rxd8 Rxd8 33. Rc2 f4 34. Qe2 Qf6 35. g4 h5 36. Bb7 hxg4 37. fxg4 Qg6 38. Bf3 e5 39. Qc4 Rd4 40. Qc6 Qxc6 41. Bxc6 e4 42. Rc4 Rd1+ 43. Kg2 f3+ 44. Kh3 f2 0-1

[Event "RUS-Cup02"]
[Site "Moscow"]
[Date "1998.??.??"]
[Round "8"]
[White "Drogoon, A."]
[Black "Nikolenko, Oleg"]
[Result "1-0"]
[WhiteElo "2360"]
[BlackElo "2495"]
[PlyCount "51"]
[EventDate "1998.01.21"]
[EventType "swiss"]
[EventRounds "9"]
[EventCountry "RUS"]
[SourceTitle "EXT 1999"]
[Source "ChessBase"]
[SourceDate "1998.11.16"]
[SourceVersion "1"]
[SourceVersionDate "1998.11.16"]
[SourceQuality "1"]

1. Nf3 Nf6 2. c4 e6 3. Nc3 Bb4 4. g3 b6 5. Bg2 Bb7 6. Qb3 a5 7. 0-0 0-0 8. d3 d5 9. Bg5 Nbd7 10. cxd5 exd5 11. d4 Re8 12. e3 c6 13. Rac1 Ba6 14. Rfe1 h6 15. Bxf6 Nxf6 16. Ne5 Rc8 17. Bh3 Rc7 18. a3 Bxc3 19. Rxc3 Ne4 20. Rc2 b5 21. Bg2 a4 22. Qb4 c5 23. f3 Nd6 24. Rxc5 Rxc5 25. dxc5 Ne4 26. Nc6 1-0

[Event "RUS-Cup02"]
[Site "Moscow"]
[Date "1998.??.??"]
[Round "1"]
[White "Drogoon, A."]
[Black "Yandemirov, Valeri"]
[Result "1/2-1/2"]
[WhiteElo "2360"]
[BlackElo "2545"]
[PlyCount "38"]
[EventDate "1998.01.21"]
[EventType "swiss"]
[EventRounds "9"]
[EventCountry "RUS"]
[SourceTitle "EXT 1999"]
[Source "ChessBase"]
[SourceDate "1998.11.16"]
[SourceVersion "1"]
[SourceVersionDate "1998.11.16"]
[SourceQuality "1"]

1. c4 Nf6 2. Nc3 d5 3. cxd5 Nxd5 4. g3 g6 5. Bg2 Nxc3 6. bxc3 Bg7 7. Rb1 Nd7 8. Nf3 0-0 9. 0-0 Nb6 10. Qc2 Bd7 11. Bb2 Ba4 12. Qc1 Bc6 13. c4 Bxb2 14. Rxb2 Na4 15. Rb1 Nc5 16. Rd1 Ba4 17. Re1 Bc6 18. Rd1 Ba4 19. Re1 Bc6 1/2-1/2

[Event "Minsk op"]
[Site "Minsk"]
[Date "1997.??.??"]
[Round "2"]
[White "Drogoon, A."]
[Black "Ibragimov, Ildar"]
[Result "0-1"]
[WhiteElo "2380"]
[BlackElo "2555"]
[PlyCount "74"]
[EventDate "1997.??.??"]
[EventType "swiss"]
[EventRounds "9"]
[EventCountry "BLR"]
[SourceTitle "EXT 2000"]
[Source "ChessBase"]
[SourceDate "1999.11.16"]
[SourceVersion "1"]
[SourceVersionDate "1999.11.16"]
[SourceQuality "1"]

1. c4 e5 2. Nc3 Nc6 3. Nf3 g6 4. d4 exd4 5. Nxd4 Bg7 6. Nxc6 bxc6 7. g3 Ne7 8. Bg2 0-0 9. 0-0 Re8 10. Bg5 h6 11. Be3 Nf5 12. Bd2 Rb8 13. b3 c5 14. Rc1 Bb7 15. Nd5 Ne7 16. Ba5 Nxd5 17. cxd5 d6 18. b4 Ba6 19. Re1 Qg5 20. e3 cxb4 21. Bxc7 Rbc8 22. Bxd6 Bc3 23. Qa4 Bxe1 24. Rxe1 Bc4 25. Bf4 Qf5 26. d6 Bb5 27. Qxa7 g5 28. g4 Qxf4 29. d7 Bxd7 30. Qxd7 Qe5 31. h3 Red8 32. Qb7 Qc3 33. Rb1 Rb8 34. Qa6 Qc2 35. Rf1 Kg7 36. Qa7 Rbc8 37. Qa5 Qb2 0-1

[Event "Minsk"]
[Site "Minsk"]
[Date "1995.??.??"]
[Round "4"]
[White "Drogoon, A."]
[Black "Kochetkov, German"]
[Result "0-1"]
[WhiteElo "2340"]
[BlackElo "2465"]
[PlyCount "38"]
[EventDate "1995.??.??"]
[EventType "tourn"]
[EventRounds "13"]
[EventCountry "BLR"]
[EventCategory "10"]
[SourceTitle "CBM 046 Extra"]
[Source "ChessBase"]
[SourceDate "1995.07.01"]
[SourceVersion "1"]
[SourceVersionDate "1995.07.01"]
[SourceQuality "1"]

1. Nf3 Nf6 2. c4 g6 3. Nc3 Bg7 4. d4 0-0 5. e4 d6 6. Be2 Nbd7 7. e5 Ne8 8. 0-0 c5 9. exd6 Nxd6 10. dxc5 Nxc5 11. Bf4 Bg4 12. Rc1 Nf5 13. Rc2 Qxd1 14. Bxd1 Ne6 15. Bc1 Bxf3 16. Bxf3 Ned4 17. Rd2 Nxf3+ 18. gxf3 Rac8 19. Nd5 e6 0-1

[Event "Minsk"]
[Site "Minsk"]
[Date "1995.??.??"]
[Round "6"]
[White "Drogoon, A."]
[Black "Taimanov, Mark E"]
[Result "1-0"]
[WhiteElo "2340"]
[BlackElo "2505"]
[PlyCount "135"]
[EventDate "1995.??.??"]
[EventType "tourn"]
[EventRounds "13"]
[EventCountry "BLR"]
[EventCategory "10"]
[SourceTitle "CBM 046 Extra"]
[Source "ChessBase"]
[SourceDate "1995.07.01"]
[SourceVersion "1"]
[SourceVersionDate "1995.07.01"]
[SourceQuality "1"]

1. c4 e5 2. Nc3 Bb4 3. Nd5 Bc5 4. Nf3 c6 5. Nc3 d6 6. d4 exd4 7. Nxd4 Ne7 8. g3 Nd7 9. Nc2 Ne5 10. b3 Bf5 11. Bg2 0-0 12. 0-0 a5 13. Ne4 Bxe4 14. Bxe4 a4 15. Bb2 f5 16. Bg2 f4 17. b4 Nxc4 18. bxc5 Nxb2 19. Qd4 a3 20. Nxa3 Rxa3 21. cxd6 Nd5 22. Qxb2 Qxd6 23. Rad1 fxg3 24. hxg3 Qc5 25. Qe5 Ra5 26. Bxd5+ cxd5 27. Rc1 Qb6 28. Rc7 Qf6 29. Qxf6 Rxf6 30. Rb1 b6 31. Rb2 Rd6 32. e3 h6 33. Rb7 Kh7 34. Kg2 d4 35. Rd2 d3 36. e4 Rd4 37. Kf3 Raa4 38. Re7 Rd8 39. Ke3 b5 40. Rb7 b4 41. f4 Rc8 42. f5 Re8 43. f6 Kg6 44. fxg7 Rg8 45. Kxd3 Rxg7 46. Rxg7+ Kxg7 47. Ke3 Ra8 48. e5 Kf7 49. Ke4 Ke7 50. Rc2 Rg8 51. Rc7+ Kd8 52. Rb7 Rxg3 53. Kd5 Ra3 54. Ke6 Rxa2 55. Rb8+ Kc7 56. Rxb4 Re2 57. Rd4 Kc8 58. Kf6 Rf2+ 59. Ke7 h5 60. Rc4+ Kb7 61. e6 Rh2 62. Kd7 h4 63. Rb4+ Ka6 64. e7 Rd2+ 65. Ke6 Re2+ 66. Kd6 Rd2+ 67. Kc6 Rc2+ 68. Kd5 1-0

[Event "Minsk"]
[Site "Minsk"]
[Date "1995.??.??"]
[Round "9"]
[White "Ivanov, Sergey"]
[Black "Drogoon, A."]
[Result "1-0"]
[WhiteElo "2535"]
[BlackElo "2340"]
[PlyCount "65"]
[EventDate "1995.??.??"]
[EventType "tourn"]
[EventRounds "13"]
[EventCountry "BLR"]
[EventCategory "10"]
[SourceTitle "CBM 046 Extra"]
[Source "ChessBase"]
[SourceDate "1995.07.01"]
[SourceVersion "1"]
[SourceVersionDate "1995.07.01"]
[SourceQuality "1"]

1. d4 d5 2. c4 c6 3. Nf3 Nf6 4. Nc3 e6 5. Bg5 h6 6. Bh4 dxc4 7. e4 g5 8. Bg3 b5 9. Be2 Bb7 10. 0-0 Nbd7 11. d5 cxd5 12. exd5 Nxd5 13. Nxb5 N7b6 14. Qd4 Rg8 15. Qe4 Qd7 16. Nc7+ Nxc7 17. Qxb7 Bd6 18. Bxd6 Qxd6 19. Rfd1 Qe7 20. Bxc4 Kf8 21. Rac1 Ne8 22. Qa6 Kg7 23. Bb3 Nf6 24. Ne5 Rgd8 25. Rxd8 Qxd8 26. Qb7 Nfd7 27. Nxd7 Qxd7 28. Rc7 Qe8 29. Re7 Rb8 30. Qxa7 Ra8 31. Qb7 Rb8 32. Rxf7+ Kg8 33. Re7 1-0

[Event "Minsk"]
[Site "Minsk"]
[Date "1995.??.??"]
[Round "7"]
[White "Shulman, Yuri"]
[Black "Drogoon, A."]
[Result "1-0"]
[WhiteElo "2490"]
[BlackElo "2340"]
[PlyCount "59"]
[EventDate "1995.??.??"]
[EventType "tourn"]
[EventRounds "13"]
[EventCountry "BLR"]
[EventCategory "10"]
[SourceTitle "CBM 046 Extra"]
[Source "ChessBase"]
[SourceDate "1995.07.01"]
[SourceVersion "1"]
[SourceVersionDate "1995.07.01"]
[SourceQuality "1"]

1. e4 c5 2. Nf3 d6 3. d4 cxd4 4. Nxd4 Nf6 5. Nc3 e6 6. Be3 Be7 7. f3 Nc6 8. Qd2 0-0 9. 0-0-0 d5 10. exd5 Nxd5 11. Nxd5 Qxd5 12. c4 Qa5 13. Nxc6 Qxd2+ 14. Rxd2 bxc6 15. c5 e5 16. Bc4 Rb8 17. b3 Rd8 18. Rxd8+ Bxd8 19. Rd1 Bc7 20. Bg5 e4 21. fxe4 Bg4 22. Rf1 Bh5 23. Be7 Bxh2 24. Bd6 Bxd6 25. cxd6 Kf8 26. e5 Rd8 27. Kc2 f6 28. Kc3 c5 29. Re1 a6 30. Bd5 1-0